00338nam a2200133Ia 45000030006000000080041000060400015000471000046000622450052001082600009001603000006001695460012001750050017001870STCL150530s9999 xx 000 0 und d aSTCLcSTCL aSrinivasa Iyengar, K.R.; Prema Nandakumar aIntroduction to the study of English literature c1983 a0 aEnglish20220125170826.0